El estanque de los lotos

שמור ב:
מידע ביבליוגרפי
מחבר ראשי: Nervo, Amado
פורמט: ספר
שפה:Undetermined
יצא לאור: Madrid, España Biblioteca Nueva 1921
נושאים:
תגים: הוספת תג
אין תגיות, היה/י הראשונ/ה לתייג את הרשומה!

MARC

LEADER 00000nam a2200000Ia 4500
008 170316s9999 xx 000 0 und d
040 |a cru BVZT 
090 |a 860 N-6es 
100 |a Nervo, Amado 
245 |a El estanque de los lotos 
260 |a Madrid, España 
260 |b Biblioteca Nueva 
260 |c 1921 
300 |a 237 páginas 
650 |a LITERATURA LATINOAMERICANA 
999 |c 9022  |d 9022 
942 |c 15 D  |h 860 N-6es  |2 z